La Teora̕ francesa de los "actos separables" y su importacin̤ por el derecho pb︢lico espaǫl

Detalles Bibliográficos
Autor principal: Macera, Bernard-Frank
Formato: Libro
Lenguaje:español
Publicado: Barcelona : Cedecs, 2001
Colección:Derecho administrativo
Materias:
Acceso en línea:Acceso restringido

MARC

LEADER 00000nam a2200000 a 4500
005 20120228134424.0
007 cr|||| ||||
008 020411s2001 spc|||||| 000 ||spa|c
020 |a 8495665085 
035 |a 3245 
040 |d vLex 
090 |c 3039  |d 3039 
100 1 |a Macera, Bernard-Frank 
245 1 3 |a La Teora̕ francesa de los "actos separables" y su importacin̤ por el derecho pb︢lico espaǫl   |h [Recurso electrn̤ico] /  |c Bernanrd-Frank Macera ; prl̤ogos de Jos ̌Luis Martn̕ez Lp̤ez-Muįz, Franck Moderne 
256 |a Servicio en ln̕ea 
260 |a Barcelona :  |b Cedecs,  |c 2001 
300 |a 1 recurso electrn̤ico 
506 1 |a Contenido solo disponible en los productos indicados  |d vLex Global   |d vLex Global (Academic Edition, excluding Law Schools)   |d vLex Global (U.S. Academic Edition, Law Schools)   |d vLex Global (U.S. Academic Edition, excluding Law Schools)   |d vLex Global (Academic Edition, Law Schools)  
650 0 4 |a Actos administrativos  |z Espaą 
740 0 |a vLex Libros (Servicio en ln̕ea) 
830 0 |a Derecho administrativo 
856 4 0 |u http://vlex.com/source/teoria-actos-separables-derecho-publico-3245  |z Acceso restringido 
942 |c BOOK 
999 0 |a Administrative acts 
999 0 |a  Administrative law